| 000 | 00921nam a2200265 i 4500 | ||
|---|---|---|---|
| 001 | 13017 | ||
| 003 | ES-MaACL | ||
| 005 | 20250513063016.0 | ||
| 007 | t| | ||
| 008 | 971029s1968 sp ||||1| spa d | ||
| 080 | _a860-23"16" | ||
| 080 | _a860-12"16" | ||
| 100 | 1 |
_aCalderón de la Barca, Pedro, _d1600-1681 _eaut _9239594 |
|
| 245 | 1 | 0 |
_aNo hay que creer ni en la verdad / _cPedro Calderón de la Barca ; edición y estudio de Václav Cerny. |
| 260 |
_aMadrid : _bConsejo Superior de Investigaciones Científicas, _c1968. |
||
| 300 |
_a160 p. ; _c22 cm. |
||
| 490 | 1 |
_aAnejos de la Revista Segismundo ; _v1 |
|
| 650 | 1 | 4 |
_a _9239517 |
| 700 | 1 |
_aCerny, Václav. _937541 |
|
| 710 | 2 |
_aConsejo Superior de Investigaciones Científicas (España) _93236 |
|
| 830 | 0 |
_aAnejos de la Revista Segismundo ; _v1 _9181836 |
|
| 852 |
_aES-MaACL _jL-20292 _bR.124831 |
||
| 942 | _2udc | ||
| 999 |
_c13017 _d13017 |
||